000 00586cab a2200217 4500
001 WB2923-41
008 090401t1993 xxu||||| |||| 00| 0 eng d
035 _a(Sirsi) u54403
041 _aeng
245 _aSilos to rent
260 _c1993
350 _a0
490 _aGuardian
_v14 June 1993, 2(1)
520 _aReports on MoD plans to dispose of the former US cruise missile base at Greenham Common through agents Vail Williams.
650 _aGREENHAM COMMON
650 _aUS AIR BASES
650 _aVAIL WILLIAMS
690 _aLAND
942 _n0
948 _c04/03/1997
999 _c33348
_d33348